000 00491nam a2200181Ia 4500
001 10565
005 20260306161841.0
008 260306t1977||||xx |||||||||||||| ||spa||
041 _aESP
082 _a940.28
_bS743
100 _aSigmann, Jean
_eAUT
245 0 _a1848 Las revoluciones románticas y democráticas de Europa:
_bHistoria de los movimientos sociales
260 _c1977
300 _a305 páginas :
_c20 cm.
650 _aGEN
654 _aCHU
942 _cLIB
_dJUS
_fJUS
_2ddc
_n
999 _c10565
_d10565